00523 a2200169 4500001000700000020000600007040001100013100002300024240006100047245005600108362000900164440002300173697002900196942000700225952010200232999001900334177135 a  cMagnum aGorbachev, Mikhail10aPerestroika: novas ideias para o meu pais e o mundolpor10aPerestroika: novas ideias para o meu pais e o mundo0 a1899 1aCírculo do Livro aMAGNITO: GEOGRAFIA GERAL cBK 00104070a32.5b32.5d2024-06-08l0oLI.05623pMAG00026402r2024-06-08 20:50:53w2024-06-08yBK c177135d177135